[Event "Challenge"]
[Site "http://www.queenalice.com/game.php?id=1552766"]
[Date "2018.12.12"]
[Round "-"]
[White "SAROS"]
[Black "ztnilz"]
[Result "0-1"]
[WhiteElo "2030"]
[BlackElo "1890"]

1. e4 e5 2. f4 exf4 3. Nf3 d6 4. Bc4 Nf6 5. d3 c6 6. O-O Be7 7. Bxf4 O-O 8. e5
dxe5 9. Bxe5 a5 10. a4 Nd5 11. Qe1 f6 12. Bf4 Kh8 13. Bd2 b6 14. Nc3 Nxc3 15.
Bxc3 Bb7 16. Qg3 Bd6 17. Qh3 Re8 18. Bf7 Bc8 19. Qh5 Rf8 20. Bg6 h6 21. Nh4 Qc7
22. Nf5 Bxf5 23. Bxf5 Qf7 24. Bg6 Qg8 25. Rf3 Nd7 26. Rh3 Ne5 27. Bxe5 Bxe5 28.
Qf5 Ra7 0-1

[Event "Challenge"]
[Site "http://www.queenalice.com/game.php?id=1558559"]
[Date "2019.1.29"]
[Round "-"]
[White "cdare"]
[Black "SAROS"]
[Result "0-1"]
[WhiteElo "1896"]
[BlackElo "2018"]

1. e4 e6 2. Nc3 c6 3. Nf3 d5 4. d4 Nf6 5. e5 Nfd7 6. Bd3 a6 7. O-O c5 8. Be3 Nc6
9. a3 cxd4 10. Bxd4 Nxd4 11. Nxd4 Nxe5 12. Nf3 Nxd3 13. Qxd3 Bd6 14. b4 O-O 15.
Ne2 Bd7 16. Rfe1 Bc6 17. Red1 e5 18. Qf5 Bd7 19. Qh5 Qf6 20. Ng3 Bc6 21. Ng5 h6
22. Nf3 d4 23. Nd2 Qf4 24. Nc4 Bc7 25. Re1 Rae8 26. Rad1 b5 27. Nd2 Bb6 28. Nde4
f5 29. Nd6 Re6 30. Ndxf5 d3 31. Rf1 Be8 32. Qh3 Ref6 33. cxd3 Kh8 34. Ne3 Qd4
35. Ngf5 Bg6 36. g4 Bxf5 37. Nxf5 Qf4 38. Kg2 Rxf5 39. gxf5 Rxf5 40. Kh1 Rg5 41.
Rde1 Bd4 42. f3 Bb2 43. Re4 Qf6 44. Rg1 Bxa3 45. Rxg5 Qxg5 46. Qc8+ Kh7 47. Qxa6
Bb2 48. Qxb5 Qc1+ 49. Kg2 Qd2+ 50. Kg3 Bd4 51. h4 Qf2+ 52. Kg4 Qg2+ 53. Kf5 Qg6#
0-1

[Event "Challenge"]
[Site "http://www.queenalice.com/game.php?id=1566574"]
[Date "2019.4.4"]
[Round "-"]
[White "SAROS"]
[Black "cdare"]
[Result "1-0"]
[WhiteElo "2006"]
[BlackElo "1910"]

1. e4 d5 2. e5 Nc6 3. d4 Bf5 4. c3 h6 5. Bd3 Bxd3 6. Qxd3 e6 7. f4 Be7 8. Nf3
Qd7 9. O-O O-O-O 10. Na3 Bxa3 11. bxa3 Na5 12. Be3 f6 13. Rfb1 Nc4 14. Rb4 Ne7
15. Rab1 b6 16. Nd2 Nxe3 17. Qxe3 Nf5 18. Qe2 Kb7 19. Nb3 Qc6 20. Na5+ 1-0

[Event "Challenge"]
[Site "http://www.queenalice.com/game.php?id=1575402"]
[Date "2019.6.25"]
[Round "-"]
[White "SAROS"]
[Black "cdare"]
[Result "1-0"]
[WhiteElo "2029"]
[BlackElo "1868"]

1. d4 Nf6 2. Nf3 e6 3. g3 Nc6 4. Bg2 d5 5. O-O Bd6 6. c3 O-O 7. Bg5 h6 8. Bd2 b6
9. a4 Ba6 10. b4 Bb7 11. Na3 a6 12. Nc2 Ne4 13. Be1 a5 14. b5 Ne7 15. Ne5 Bxe5
16. dxe5 Ng6 17. f4 Qe7 18. Nd4 Qc5 19. Qc2 c6 20. Bxe4 dxe4 21. Bf2 Qd5 22.
Rfb1 c5 23. c4 Qd7 24. Nb3 Qc7 25. Rd1 Rad8 26. Rd2 Rxd2 27. Nxd2 Rd8 28. Nxe4
Bxe4 29. Qxe4 Ne7 30. g4 Qd7 31. Ra2 Qd1+ 32. Kg2 Qb3 33. Qc2 Qxc2 34. Rxc2 Ng6
35. Bg3 Rd4 36. Kf3 Kf8 37. e3 Rd7 38. Ke2 Ne7 39. Rd2 Rxd2+ 40. Kxd2 Ke8 41.
Kd3 Kd7 42. Bh4 Ng6 43. Bg3 f6 44. exf6 gxf6 45. h4 f5 46. h5 Ne7 47. g5 hxg5
48. fxg5 Ke8 49. Bc7 Nc8 50. e4 Kd7 51. Bf4 Ke7 52. exf5 exf5 53. Ke3 Kf7 54.
Bc7 Ke7 55. Kf4 Ke6 56. h6 Kf7 57. Kxf5 Kg8 58. g6 Kf8 59. Kf6 Kg8 60. Ke6 Kf8
61. Bd6+ Kg8 62. Kd7 Nxd6 63. Kxd6 1-0

[Event "Challenge"]
[Site "http://www.queenalice.com/game.php?id=1584454"]
[Date "2019.9.24"]
[Round "-"]
[White "cdare"]
[Black "SAROS"]
[Result "0-1"]
[WhiteElo "1846"]
[BlackElo "2039"]

1. e4 e6 2. Nf3 c6 3. Bc4 d5 4. exd5 cxd5 5. Bb5+ Bd7 6. Bxd7+ Nxd7 7. d4 Ngf6
8. Nc3 a6 9. O-O Be7 10. Bf4 O-O 11. Ne2 Ne8 12. c3 Bd6 13. Bxd6 Nxd6 14. Ng3
Rc8 15. Qe2 Re8 16. Ne5 Nxe5 17. Qxe5 Nc4 18. Qe2 Qb6 19. Qg4 f5 20. Qg5 Qc7 21.
b3 Nd6 22. Rac1 Qe7 23. Qxe7 Rxe7 24. f3 Nb5 25. Ne2 e5 26. a4 Nd6 27. dxe5 Rxe5
28. Nd4 Re3 29. c4 dxc4 30. bxc4 Rxc4 31. Rxc4 Nxc4 32. Nxf5 Ra3 33. Re1 Kf7 34.
Ne3 Nxe3 35. Re2 Nc4 36. Re1 Rxa4 37. Rd1 Rb4 38. Kf2 a5 39. Kg3 a4 40. f4 a3
41. Ra1 b5 42. Kh3 Rb3+ 43. g3 b4 44. Kh4 Rb2 45. h3 b3 0-1